| 000 | 00721cam a2200241 4500 | ||
|---|---|---|---|
| 008 | 090401t1997 xxu||||| |||| 00| 0 eng d | ||
| 020 | _a0102684987 | ||
| 035 | _a(Sirsi) u79899 | ||
| 041 | _aeng | ||
| 050 | _a639.9 | ||
| 110 |
_aUnited Kingdom _bNational Audit Office _91350 |
||
| 245 | _aMinistry of Agriculture, Fisheries and Food: protecting environmentally sensitive areas. | ||
| 260 |
_aLondon _bStationery Office _c1997 |
||
| 300 | _a50p. : ill. ; 30cm. | ||
| 350 | _a8.95 | ||
| 490 |
_aHC _v120 |
||
| 650 | _aENVIRONMENTALLY SENSITIVE AREA SCHEME | ||
| 650 | _aENVIRONMENTALLY SENSITIVE AREAS | ||
| 650 | _aMAFF | ||
| 690 | _aENVIRONMENTAL AND LAND CONSULTANCY | ||
| 942 | _n0 | ||
| 948 | _c25/07/1997 | ||
| 999 |
_c96570 _d96570 |
||